000 00675cam a22002057a 4500
020 _a9789251059029 (pbk.)
020 _a9251059020
040 _cNLGGC
082 _aFAO ANI 2008 C132 Or.
245 0 0 _aAnimal feed impact on food safety :
_breport of the FAO/WHO expert meeting.
260 _aRome :
_bFAO,
_c2008.
300 _axvii, 54 p. ;
_c25 cm.
500 _aMeeting held October 8-12, 2007, in Rome, Italy.
650 0 _aFeeds
650 0 _aFood of animal origin
710 2 _aFood and Agriculture Organization of the United Nations
710 2 _aWorld Health Organization.
856 4 1 _uhttp://www.loc.gov/catdir/toc/fy0805/2008420810.html
942 _cAEDBB
999 _c20948
_d20948